000 01131nam a22002657a 4500
001 22132
005 20260331114321.0
008 260325b |||||||| |||| 00| 0 spa d
020 _a9781009808828
041 _aING
082 _a421.071
_bC24P
100 _a,
110 _aCambridge University Press & Assessment
245 _aB1 preliminary for schools 3 :
_bwith answers: authentic practice tests
250 _aPrimera edición
260 _aCambridge :
_bCambridge University Press & Assessment,
_c2025
300 _a157 páginas :
_bilustraciones ;
_c25 cm.
440 _a ;
650 _aLEN
653 _aSistema de escritura inglés y fonología
654 _aCTP
700 _a;
856 _uhttps://0u20fue77-y-https-research-ebsco-com.itmsp.museknowledge.com/c/qxo6us/search/results?q=B1+PRELIMINARY&autocorrect=y&db=nlebk%2Ce000sww%2Ce000xww%2Ce020mww%2Ce230xww%2Ce250xww%2Ce095mww&expanders=concept&limiters=None&searchMode=boolean&searchSegment=all-results&skipResultsFetch=true&sqId=sq%3A2b256e7e-392e-4db6-9177-96315a3492ab
_zVéase además: Base de datos EBSCOhost
942 _cLIB
_dJUS
_fMIP
_n0
_2ddc
999 _c22132
_d22132